000
00334nam a22001457a 4500
008
221021b ||||| |||| 00| 0 eng d
020
_a
9785388741394
041
_a
eng
080
_2
7TH EDITION
_a
330.722
082
_a
330.722 WAR
100
_a
23.2
101
_a
FIN
245
_a
FINANCIAL ACCOUNTING
_c
WARREN
942
_2
udc
_c
BK
999
_c
58642
_d
58642